000
00413nam a2200145Ia 4500
008
100204s9999 xx 000 0 und d
082
_b
9572
100
_a
देसाई रणजित
245
_a
अभोगी
260
_b
"अजब पुस्तकालय, कोल्हापूर"
_c
1987
300
_a
244
630
_a
अभोगी
730
_a
अभोगी
942
_c
BOOK
999
_c
454008
_d
454005